La economía política del arbitraje laboral global /
Αποθηκεύτηκε σε:
| Κύριος συγγραφέας: | |
|---|---|
| Άλλοι συγγραφείς: | |
| Μορφή: | Βιβλίο |
| Γλώσσα: | Spanish |
| Ετικέτες: |
Προσθήκη ετικέτας
Δεν υπάρχουν, Καταχωρήστε ετικέτα πρώτοι!
|
MARC
| LEADER | 00000nam a22000007a 4500 | ||
|---|---|---|---|
| 003 | cru CIDCACS/IIS | ||
| 005 | 20170419150045.0 | ||
| 007 | ta | ||
| 008 | 170419e2015 mx ||||| |||| 00| 0 spa d | ||
| 040 | |c cru CIDCACS/IIS | ||
| 100 | 1 | |9 4179 |a Delgado Wise, Raúl | |
| 245 | 1 | 3 | |a La economía política del arbitraje laboral global / |c Raúl Delgado Wise, David Martin |
| 300 | |a páginas 13-32 | ||
| 700 | 1 | |9 4180 |a Martin, David | |
| 773 | 0 | |0 19182 |9 635 |a UNAM. |d México, D.F.: UNAM |o R19250 |t Problemas del desarrollo: |x 03017036 | |
| 942 | |2 ddc |c PP | ||
| 999 | |c 19183 |d 19183 | ||
